| 000 | 01452nam a2200337 a 4500 | ||
|---|---|---|---|
| 001 | 000021982 | ||
| 005 | 20200930011530.0 | ||
| 008 | 091120s2014 dr a 000 0 spa d | ||
| 020 | _a9945495496 (v. 0) | ||
| 020 | _a994549550X (v. 1) | ||
| 040 |
_aDO-SdBNP _bspa _cBNPHU |
||
| 082 |
_axxxx _bxxxx |
||
| 100 | 1 |
_aVeles, Adalgisa _929831 |
|
| 245 | 1 | 0 |
_aCapullito : _bnivel inicial / _cAdalgisa Veles, ; colaboración Viviana Falcón ; producción editorial María del Jesús de la Rosa ; ilustraciones Ramón L. Sandoval, Henry Cib. |
| 250 | _a6ta. ed. rev. y actualizada | ||
| 260 |
_aSanto Domingo : _bActualidad escolar, _c2014. |
||
| 300 |
_a4 v. : _bil. ; _c22 cm. |
||
| 490 | 1 | _aAraya | |
| 500 | _aIncluyen el libro de texto y el libro del maestro. | ||
| 500 | _aLa biblioteca solamente posee los volumenes 0 y 1. | ||
| 500 | _aLibros para niños de 2 a 3 años de edad. | ||
| 505 | 0 |
_gv. 0 : _tEl primer día de clases -- _tRicitos de oro -- _tLa fiesta en el jardín -- _tPatito feo -- |
|
| 505 | 0 |
_gv. 1 : _tVamos a la escuela -- _tPinocho -- _tSoy dominicano -- _tLa ensalada de la abuela -- _tLa abeja Lotty -- _tViaje al universo -- |
|
| 700 | 1 |
_aCid, Henry _eil. _9346 |
|
| 700 | 1 |
_aFalcón, Viviana _ecol. _929832 |
|
| 700 | 1 |
_aSandoval, Ramón L. _eil. _929585 |
|
| 700 | 1 |
_aJesús de la Rosa, María del _eprod. ed. _929833 |
|
| 700 | 1 |
_aCid, Henry _eil. _9346 |
|
| 700 | 1 |
_aSandoval, Ramón L., _eil. _929585 |
|
| 830 | 0 |
_aAraya _929834 |
|
| 999 |
_c21480 _d21480 |
||